Statistics for Biggest cities in South Asia

Click here to take the quiz!

General Stats

  • This quiz has been taken 8 times
  • The average score is 7 of 10

Answer Stats

#populationcity% Correct
129,617,000Delhi
100%
223,355,000Mumbai
100%
711,324,000Chennai
86%
321,741,000Dhaka
86%
514,835,000Karachi
86%
417,560,000Kolkata
86%
811,021,000Lahore
86%
613,707,000Bangalore
71%
103,203,846Faisalabad
14%
95,160,512Yangon
14%

Score Distribution

Percentile by Number Answered

Percent of People with Each Score

Your Score History

You have not taken this quiz